Zgadnij piosenki Maty po emotkach - Statystyki

Ogólne statystyki
  • Ten quiz został rozwiązany 19 razy
  • Średni wynik to 4 z 10
Statystyki odpowiedzi
Emoji Piosenka % Poprawnych
💋📷 Kiss cam
81%
🦜 Papuga
75%
🆙🆙🆙 up! up! up!
69%
2️⃣💊 2 Izoteki
50%
🐐 goat
50%
🤣🤣🤣 HA HA HA
31%
🍉🍌🍎 3️⃣3️⃣ OWOCE 33
31%
🤫 CICHO
13%
💔 złamane serce na pół
13%
🙂💰🖕 W GŁOWIE OD PIENIĘDZY SIĘ P*******
0%
Nie znaleziono quizów pasujących do podanych kryteriów
Rozkład punktacji
Procent ludzi z każdym wynikiem
Percentyl według liczby udzielonych odpowiedzi
Twoja historia wyników
Nie rozwiązałeś tego quizu